000 01343cam a22003974i 4500
003 PE-LiUPU
005 20260203163845.0
008 150625s r 000 0 d
035 _a(Sirsi) a34096
040 _aPE-LiUPU
_bspa
_cPE-LiUPU
_erda
082 0 4 _a286.73302
_bD57
_221
110 2 _aDepartamento de Educación
245 1 0 _aMais semalhantes a Ele /
_cDepto. de Educação da Associação Geral.
264 1 _aSao Paulo :
_bCasa Publicadora Brasileira,
_c1987.
300 _a294 páginas :
_bilustrado ;
_c28 cantímetros.
336 _atext
_2rdacontent
337 _aunmediated
_2rdamedia
338 _avolume
_2rdacarrier
505 _aEsta coisa chamada "Experiência Cristá" -- Conhecendo Deus -- Questões Práticas da Vida Cristá -- Mudança interna -- Relações Interpessoais -- A Satisfação de Ser Adventista -- Exemplos de Santidade -- Os grandes Propósitos da Vida.
526 _aSEG42
526 _aSEG41
526 _aSEG40
526 _aSEG39
526 _aP94
526 _aP87
526 _aP86
526 _aP85
526 _aP77
526 _aP76
526 _aP35
650 1 4 _aVida cristiana
_9940
650 1 0 _aAdventistas del Séptimo Día
_xObservancia del sábado
_9867
942 _2ddc
_cBK
999 _c41915
_d41915
980 _818226
_gJaime Vilcazán Jefe de Análisis Documental